000 01020nam a22002535i 4500
001 158524
003 ES-MaACL
005 20230906211200.0
008 981113s1887 fr |||| | fre d
040 _aCCPB | B
_bspa
_cCCPB | B
100 1 _aMaine, Henry Sumner (
_d1822-1888)
_9129363
245 1 0 _aEssais sur le gouvernement populaire /
_cpar Sir Henri Sumner Maine ... ; traduit avec l'autorisation de l'auteur.
260 _aParís :
_bErnest Thorin,
_c1887 (
_eToulouse :
_fImp. A. Chauvin et fils)
300 _a[2] h., XX, 387 p. ;
_c23 cm.
490 1 _aBibliothèque de l'histoire du droit et des institutions ;
_v4
596 1 _aMarca del ed. en port.
597 1 _aAntep.
650 4 _aGobierno-
_zFrancia-
_yS. \RXIX\R.
_9234124
752 _aFrancia -
_dParís
830 0 _aBibliothèque de l'histoire du droit et des institutions ;
_v4
_9188164
852 _aES-MaACL
_jF-12729
_z-- Enc. pasta española
_x-- Edic.: corregir en mat. : Democracia
999 _c158524
_d158524